| 000 | 00577nam a2200169 a 4500 | ||
|---|---|---|---|
| 008 | 120416s1976 ||||||||||||||||| || u | ||
| 050 | _aHD 20.5 Neu | ||
| 100 | _aNeuschel, Richard F | ||
| 245 | 1 | 0 | _aManagement systems for profit and growth |
| 250 | _a3rd. ed. | ||
| 260 |
_aNew York _bMcGraw-Hill _c[1976] |
||
| 300 | _axi, 365p. : ill. | ||
| 350 | _a0.00 | ||
| 650 | 0 | _aMANAGEMENT | |
| 650 | _aMANAGEMENT SYSTEMS | ||
| 995 |
_D0.00 _FCBU-MAIN LIBRARY (Kitwe) _H1 _I0.00 _M1 _UAVAILABLE _ZAnnex Low-Usage Collection |
||
| 999 |
_c50032 _d50032 |
||